All Bad Bunny Songs (July 2025) - Statistics

General Stats
  • This quiz has been taken 243 times
    124 since last reset
  • The average score is 52 of 246
Answer Stats
Hint Answer % Correct
AM - Remix (with Nio Garcia & J Balvin)
93%
DtMF
89%
EoO
73%
MIA (feat. Drake)
73%
2025 NUEVAYoL
73%
2022 Moscow Mule
68%
BAILE INoLVIDABLE
64%
MONACO
64%
LA CANCIÓN (feat. J Balvin)
63%
Safaera (feat. Jowell & Randy & Ñengo Flow)
63%
Un Verano Sin Ti
59%
2024 EL CLúB
57%
PERFuMITO NUEVO (feat. RaiNao)
57%
Tití Me Preguntó
57%
VOY A LLeVARTE PA PR
57%
LA MuDANZA
55%
Un Coco
55%
VeLDÁ (feat. Omar Courtz & Dei V)
55%
Diles (feat. Ñengo Flow, Ozuna, Arcángel & Farruko)
54%
La Romana (feat. El Alfa)
54%
Yo Perreo Sola
54%
BOKeTE
52%
CAFé CON RON (feat. Los Pleneros de la Cresta)
52%
Ojitos Lindos (feat. Bomba Estéreo)
52%
La Santa (feat. Daddy Yankee)
50%
Me Porto Bonito (feat. Chencho Corleone)
50%
Neverita
50%
PIToRRO DE COCO
50%
WELTiTA (feat. Chuwi)
50%
DÁKITI (feat. JHAYCO)
48%
Party (feat. Rauw Alejandro)
48%
TURiSTA
48%
Andrea (feat. Buscabulla)
46%
Callaita (feat. Tainy)
46%
KLOuFRENS
46%
LO QUE LE PASÓ A HAWAii
46%
<3
46%
KETU TeCRÉ
45%
2020 Si Veo a Tu Mamá
45%
WHERE SHE GOES
45%
I Like It (with Cardi B & J Balvin)
43%
120
41%
Después de la Playa
41%
FINA (feat. Young Miko)
41%
PERRO NEGRO (feat. Feid)
39%
Otra Noche en Miami
38%
Soy Peor
38%
Soy Peor - Remix (feat. J Balvin, Ozuna & Arcángel)
38%
Yonaguni
38%
Aguacero
36%
Efecto
36%
El Apagón
36%
2023 NADIE SABE
36%
200 Mph (feat. Diplo)
34%
Agosto
34%
Enséñame a Bailar
32%
NO ME QUIERO CASAR
32%
Tarot (feat. Jhayco)
32%
Te Boté - Remix (with Nio Garcia, Casper Magico, Darell, Ozuna & Nicky Jam)
32%
Amorfoda
30%
Bichiyal (feat. Yaviah)
30%
Estamos Bien
30%
2018 NI BIEN NI MAL
30%
Otro Atardecer (feat. The Marías)
30%
Soliá
30%
BOOKER T
29%
LA NOCHE DE ANOCHE (feat. ROSALÍA)
29%
Qué Pasaría... (with Rauw Alejandro)
29%
QUE PRETENDES (feat. J Balvin)
29%
Si Estuviésemos Juntos
29%
ACHO PR (feat. Arcángel, De La Ghetto & Ñengo Flow)
27%
Dos Mil 16
27%
Mayores (with Becky G)
27%
2019 MOJAITA (feat. J Balvin)
27%
Una Vez (feat. Mora)
27%
UN PESO (feat. J Balvin & Marciano Cantero)
27%
Vete
27%
25/8
25%
Chambea
25%
EN CASITA (feat. Gabriela)
25%
La Corriente (feat. Tony Dize)
25%
La Difícil
25%
TELEFONO NUEVO (feat. Luar La L)
25%
BATICANO
23%
CANCIÓN CON YANDEL (feat. Yandel)
23%
Solo de Mi
23%
Caro
21%
Como Antes
21%
CÓMO SE SIENTE - Remix (feat. JHAYCO)
21%
CYBERTRUCK
21%
HIBIKI (feat. Mora)
21%
K-POP (with Travis Scott & The Weeknd)
21%
Krippy Kush - Remix (with Farruko, Nicki Minaj, 21 Savage & Rvssian)
21%
Krippy Kush - Travis Scott Remix (with Farruko, Nicki Minaj, Travis Scott & Rvssian)
21%
Krippy Kush (with Farruko & Rvssian)
21%
Me Fui de Vacaciones
21%
MOJABI GHOST (with Tainy)
21%
P FKN R (feat. Kendo Kaponi & Arcángel)
21%
THUNDER Y LIGHTNING (feat. Eladio Carrion)
21%
Un Ratito
21%
VOU 787
21%
RLNDT
20%
TE MUDASTE
20%
UN PREVIEW
20%
Vuelve (with Daddy Yankee)
20%
ADIVINO (with Myke Towers)
18%
BABY NUEVA
18%
BAD CON NICKY (feat. Nicky Jam)
18%
COMO UN BEBÉ (feat. J Balvin & Mr Eazi)
18%
EUROPA :)
18%
Hablamos Mañana (feat. Duki & Pablo Chill-E)
18%
La Zona
18%
MR. OCTOBER
18%
¿Quién Tú Eres?
18%
SEDA (feat. Bryant Myers)
18%
Tenemos Que Hablar
18%
YO LE LLEGO (feat. J Balvin)
18%
GRACIAS POR NADA
16%
La Jumpa (with Arcángel)
16%
Lo Siento BB:\\ (with Tainy & Julieta Venegas)
16%
ODIO (feat. J Balvin)
16%
Ser Bichote
16%
TRELLAS
16%
UN DIA (ONE DAY) (with J Balvin, Dua Lipa & Tainy)
16%
VUELVE CANDY B
16%
YO VISTO ASÍ
16%
Ahora Me Llama - Remix (with KAROL G & Quavo)
14%
Ahora Me Llama (with KAROL G)
14%
A Tu Merced
14%
BYE ME FUI
14%
Cuando Perriabas
14%
MÁS DE UNA CITA (feat. Zion & Lennox)
14%
Netflixxx (with Brytiago)
14%
De Museo
13%
EL MUNDO ES MÍO
13%
Gato de Noche (with Ñengo Flow)
13%
Gently (with Drake)
13%
LA DROGA
13%
Loca - Remix (with KHEA, Duki & Cazzu)
13%
LOS PITS
13%
MERCEDES CAROTA (feat. YOVNGCHIMI)
13%
No Me Conoce - Remix (with JHAYCO & J Balvin)
13%
PA'ROMPERLA (feat. Don Omar)
13%
Pa Ti (feat. Bryant Myers)
13%
Pero Ya No
13%
Que Malo (feat. Ñengo Flow)
13%
Triste (with Bryant Myers)
13%
2016 Tu No Vive Asi (feat. Arcángel, Mambo Kingz & DJ Luian)
13%
ALAMBRE PúA
11%
CANTARES DE NAVIDAD (Trío Vegabajeño)
11%
Dime (with Revol, J Balvin, Arcángel & De La Ghetto)
11%
Hoy (with Ñengo Flow)
11%
RONCA FREESTYLE
11%
SI ELLA SALE
11%
SORRY PAPI (feat. ABRA)
11%
Tu No Metes Cabra
11%
Yo No Soy Celoso
11%
100 MILLONES (feat. Luar La L)
9%
Báilame - Remix (with Nacho, Yandel, Mambo Kingz, DJ Luian)
9%
BENDICIONES
9%
¿Cual Es Tu Plan? (with Ñejo, Pj Sin Suela & DJ Nelson)
9%
Está Cabrón Ser Yo (feat. Anuel AA)
9%
HOY COBRÉ
9%
LOYAL - Remix (with PARTYNEXTDOOR & Drake)
9%
Puesto Pa' Guerrial (feat. Myke Towers)
9%
Sensualidad (feat. Prince Royce, J Balvin, Mambo Kingz, DJ Luian)
9%
un x100to (with Grupo Frontera)
9%
Volando - Remix (with Mora & Sech)
9%
Amantes de una Noche (with NATTI NATASHA)
7%
ANTES QUE SE ACABE
7%
Coco Chanel (with Eladio Carrion)
7%
CUIDAO POR AHÍ (feat. J Balvin)
7%
EL BAÑO (with Enrique Iglesias)
7%
Fantasía (with Alex Sensation)
7%
HACIENDO QUE ME AMAS
7%
2021 Me Acostumbre (feat. Arcángel)
7%
No Te Hagas (with Jory Boy)
7%
Original (with Arcángel)
7%
Satisfacción (with Nicky Jam & Arcángel)
7%
2017 Si Tu Novio Te Deja Sola (with J Balvin)
7%
TE DESEO LO MEJOR
7%
Te Guste (with Jennifer Lopez)
7%
Tranquilo (with KEVIN ROLDAN)
7%
Una Velita
7%
47 - Remix (with Anuel AA, Ñengo Flow, Sinfonico, Lil Geniuz, Farruko, Casper Magico & Darell)
5%
Caile (feat. Zion, De La Ghetto & Bryant Myers)
5%
De las 2 (with Trap Capos, Noriel & Arcángel)
5%
Give It Up (with Breakfast n Vegas, Messiah, Tory Lanez & DJ Yonny)
5%
Madura (with Cosculluela)
5%
MALDITA POBREZA
5%
Solita (with Ozuna, Mambo Kingz, DJ Luian, Wisin & Almighty)
5%
Soy El Diablo (with Natanael Cano)
5%
Tormenta (with Gorillaz)
5%
Volví (with Aventura)
5%
Así Soy Yo (with Anuel AA)
4%
Como Soy (with Pacho El Antifeka & Daddy Yankee)
4%
Dime Si Te Acuerdas
4%
Estamos Arriba (feat. Myke Towers)
4%
Hasta Que Dios Diga (with Anuel AA)
4%
Haters - Remix (feat. J Alvarez & Almighty)
4%
Infeliz (with Arcángel)
4%
Kemba Walker (with Eladio Carrion)
4%
Lean (with Amenazzy & Lito Kirino)
4%
Me Mata (with Mambo Kingz, DJ Luian, Arcángel, Almighty, Bryant Myers, Noriel, Baby Rasta & Brytiago)
4%
Panamera - Remix (feat. Arcángel, Almighty, Black Jonas Point, Quimico Ultra Mega)
4%
PASIEMPRE (with Tainy, Arcángel, JHAYCO, Myke Towers, Omar Courtz, Arca & Anuel AA)
4%
Bellacoso (with Residente)
2%
Blockia (with Farruko, DJ Luian & Mambo Kingz)
2%
Dema Ga Ge Gi Go Gu (with El Alfa)
2%
Escápate Conmigo (with Wisin, Ozuna, De La Ghetto, Arcángel, Noriel & Almighty)
2%
Estamos Clear (with Miky Woodz)
2%
Está Rico (with Marc Anthony & Will Smith)
2%
Me Llamas (feat. Arcángel, Amenazzy & Mark B.)
2%
Me Llueven - Extended Version (feat. Mark B., Poeta Callejero, Almighty, Quimico Ultra Mega, Denyerkin, El Fother, Bryant Myers, Noriel & KEVIN ROLDAN)
2%
Otra Vez (feat. Kelmitt & Darell)
2%
Si Tu Lo Dejas (with Rvssian, Farruko, Nicky Jam & Kosa)
2%
Un Ratito Mas (with Bryant Myers)
2%
X ÚLTIMA VEZ (with Daddy Yankee)
2%
1 Polvo (feat. Maluma, Arcángel, De La Ghetto & Ñengo Flow)
0%
Amigos y Enemigos - Remix (feat. Noriel & Almighty)
0%
Cántalo (with Ricky Martin & Residente)
0%
Coronamos (with El Taiger, Cosculluela, J Balvin & Bryant Myers)
0%
Crecia (feat. Justin Quiles & Almighty)
0%
Dame Algo (with Wisin & Yandel)
0%
Demonia Baila (feat. Jantonio & Brytiago)
0%
Diabla - Remix (feat. Farruko & Lary Over)
0%
Earth (with Lil Dicky, Justin Bieber, Ariana Grande, Halsey, Zac Brown, Brendon Urie, Hailee Steinfeld, Wiz Khalifa, Snoop Dogg, Kevin Hart, Adam Levine, Shawn Mendes, Charlie Puth, Sia, Miley Cyrus, Lil Jon, Rita Ora, Miguel, Katy Perry, Lil Yachty, Ed Sheeran, Meghan Trainor, Joel Embiid, Tory Lanez, John Legend, Psy, Kris Wu, Backstreet Boys & Leonardo DiCaprio)
0%
El Combo Me Llama 2 (with Benny Benni, Daddy Yankee, Pusho, Farruko, Noriel, Miky Woodz)
0%
Explícale - Remix (with Yandel, Noriel, Cosculluela & Brytiago)
0%
Explícale (with Yandel)
0%
Favorito De Los Capo - Remix (with Flow Mafia & Arcángel)
0%
Ignorantes (feat. Sech)
0%
La Cartera (with Farruko)
0%
Liberace - Remix (feat. Farruko, Anuel AA, De La Ghetto, Bryant Myers & Alexio)
0%
Me Llueven 2.0 (feat. Almighty, Denyerkin, Quimico Ultra Mega & El Fother)
0%
Me Llueven 3.0 (feat. KEVIN ROLDAN, Noriel, Bryant Myers & Almighty)
0%
Move Your Body (with Wisin & Timbaland)
0%
Prayer (feat. Yomo, I-Octane, Almighty, Benny Benni)
0%
Sexto Sentido (with Gigolo Y La Exce)
0%
Soltera - Remix (with Lunay & Daddy Yankee)
0%
Subimos de Rango (with Omy de Oro & Shooter Ledo)
0%
Te Descuidó (with Barbosa & Bryant Myers)
0%
Te Lo Meto Yo (feat. Arcángel, Lary Over, Farruko & Tempo)
0%
Trepate (with Sixto Rein, Lary Over & EZ El Ezeta)
0%
Tu No Metas Cabra - Remix (with Daddy Yankee, Anuel AA & Cosculluela)
0%
Vamos Pa' La Calle (feat. Héctor "El Father")
0%
No matching quizzes found
Score Distribution
Percent of People with Each Score
Percentile by Number Answered
Your Score History
You have not taken this quiz since the last reset